Todos los países modernos que han sido controlados por Suecia - Estadísticas

Estadísticas generales
  • Esta prueba ha sido intentada 26 veces
  • La puntuación promedio es 8 de 9
Estadísticas de respuestas
País % Correcto
Estonia
100%
Finlandia
100%
Letonia
100%
Noruega
100%
Alemania
95%
Dinamarca
95%
Rusia
91%
Estados Unidos
55%
Ghana
14%
No se encontraron pruebas coincidentes
Distribución de puntuación
Porcentaje de gente con cada puntuación
Porcentaje por número respondido
Historial de tus puntuaciones
No has intentado esta prueba.